| 000 | 00773nam a2200229 a 4500 | ||
|---|---|---|---|
| 001 | BRL_1692 | ||
| 005 | 20190320211327.0 | ||
| 008 | 280414s1928----gw-a######---#000-0#ger-# | ||
| 041 | _ager | ||
| 044 | _agw | ||
| 050 | 4 |
_aPE1129.G3 _b.M33 1928 |
|
| 100 | 1 |
_aMac Callum, T. W. _927643 |
|
| 245 | 1 | 0 |
_aEnglish Lernen ein Vergnügen! _cvon T. W. Mac Callum ; mit vielen randzeichnungen von tibor gergely und mehreren englishcshen liedern. |
| 260 |
_aMünchen _bR. Piper & Co. _c1928 |
||
| 300 |
_axiii, 175 p. _bil. _c18 cm. |
||
| 500 | _aAu1842 | ||
| 500 | _aEstado físico: Se estan desprendiendo las hojas del lomo. | ||
| 650 | 1 | 4 |
_aInglés _vLibros de texto para extranjeros _xAlemán _927644 |
| 700 | 1 |
_aGergely, Tibor _eil. _927645 |
|
| 902 | _aGRL | ||
| 942 |
_2lcc _cB |
||
| 999 |
_c10500 _d10500 |
||